000 00596nam a2200193 a 4500
001 000009288
005 20240412074210.0
008 090929s1941 dr r 000 p spa d
040 _aDO-SdBNP
_bspa
_cBNPHU
082 _aRD861.44
_bC175s
100 1 _aCambier, Enrique
_924012
245 1 4 _aLos sonetos míos /
_cEnrique Cambier.
260 _aCiudad Trujillo, República Dominicana :
_bCambier,
_c1941.
300 _a34 p. ;
_c23 cm.
590 _aInventariado, 2019/BT
650 0 _aPoesía dominicana
_966
650 0 _aLiteratura dominicana.
_967
910 _aValidado. Control de calidad. MFF
999 _c9049
_d9049